[Event "World Youth & Cadets Blitz Championships"]
[Site "Rhodes, Greece"]
[Date "2022.05.03"]
[Round "9.17"]
[White "Yu, Rock"]
[Black "Karvatskyi, Oleksii"]
[Result "0-1"]
[TimeControl "5'/game & 2\"/move"]
[WhiteElo "1488"]
[BlackElo "1902"]

1. c4 {[%clk 00:05:03]} Nf6 {[%clk 00:04:57]} {[%emt 00:00:08]} 2. Nc3 {[%clk
00:05:03]} {[%emt 00:00:01]} g6 {[%clk 00:04:57]} {[%emt 00:00:03]} 3. g3
{[%clk 00:05:04]} Bg7 {[%clk 00:04:57]} {[%emt 00:00:01]} 4. Bg2 {[%clk
00:05:06]} {[%emt 00:00:01]} c5 {[%clk 00:04:56]} {[%emt 00:00:03]} 5. e3
{[%clk 00:05:05]} {[%emt 00:00:02]} O-O {[%clk 00:04:54]} {[%emt 00:00:04]} 6.
Nge2 {[%clk 00:05:06]} {[%emt 00:00:01]} Nc6 {[%clk 00:04:53]} {[%emt
00:00:03]} 7. O-O {[%clk 00:05:06]} {[%emt 00:00:02]} e6 {[%clk 00:04:51]}
{[%emt 00:00:05]} 8. d4 {[%clk 00:05:04]} {[%emt 00:00:03]} cxd4 {[%clk
00:04:51]} {[%emt 00:00:03]} 9. exd4 {[%clk 00:05:05]} d5 {[%clk 00:04:50]}
{[%emt 00:00:03]} 10. cxd5 {[%clk 00:05:05]} {[%emt 00:00:02]} exd5 {[%clk
00:04:51]} 11. Be3 {[%clk 00:05:04]} {[%emt 00:00:03]} Bg4 {[%clk 00:04:26]}
{[%emt 00:00:26]} 12. h3 {[%clk 00:05:00]} {[%emt 00:00:07]} Bxe2 {[%clk
00:04:25]} {[%emt 00:00:03]} 13. Qxe2 {[%clk 00:04:59]} {[%emt 00:00:02]} Re8
{[%clk 00:04:26]} 14. Qd2 {[%clk 00:04:56]} {[%emt 00:00:05]} Ne4 {[%clk
00:04:26]} {[%emt 00:00:03]} 15. Nxe4 {[%clk 00:04:53]} {[%emt 00:00:05]} dxe4
{[%clk 00:04:27]} {[%emt 00:00:01]} 16. Rad1 {[%clk 00:04:47]} {[%emt
00:00:06]} Qd5 {[%clk 00:04:25]} {[%emt 00:00:06]} 17. a3 {[%clk 00:04:32]}
{[%emt 00:00:17]} f5 {[%clk 00:04:19]} {[%emt 00:00:07]} 18. Qc3 {[%clk
00:04:12]} {[%emt 00:00:22]} Rad8 {[%clk 00:04:13]} {[%emt 00:00:08]} 19. Qc5
{[%clk 00:03:58]} {[%emt 00:00:16]} Nxd4 {[%clk 00:03:41]} {[%emt 00:00:34]} 20.
Qxa7 {[%clk 00:03:30]} {[%emt 00:00:30]} Qc4 {[%clk 00:02:00]} {[%emt
00:01:44]} 21. Qxb7 {[%clk 00:03:10]} {[%emt 00:00:21]} Rb8 {[%clk 00:01:34]}
{[%emt 00:00:28]} 22. Qd7 {[%clk 00:03:00]} {[%emt 00:00:12]} Red8 {[%clk
00:01:19]} {[%emt 00:00:17]} 23. Qe7 {[%clk 00:02:50]} {[%emt 00:00:12]} Qb3
{[%clk 00:01:11]} {[%emt 00:00:11]} 24. Kh2 {[%clk 00:01:57]} {[%emt 00:00:55]}
Qxb2 {[%clk 00:01:04]} {[%emt 00:00:09]} 25. g4 {[%clk 00:01:36]} {[%emt
00:00:23]} Re8 {[%clk 00:00:22]} {[%emt 00:00:43]} 26. Qg5 {[%clk 00:01:18]}
{[%emt 00:00:20]} Ne6 {[%clk 00:00:19]} {[%emt 00:00:06]} 27. Qh4 {[%clk
00:01:00]} {[%emt 00:00:19]} Qe5+ {[%clk 00:00:16]} {[%emt 00:00:06]} 28. Kh1
{[%clk 00:00:52]} {[%emt 00:00:09]} f4 {[%clk 00:00:17]} {[%emt 00:00:01]} 29.
Ba7 {[%emt 00:00:20]} Rb7 {[%clk 00:00:13]} {[%emt 00:00:06]} 30. Rfe1 {[%clk
00:00:18]} {[%emt 00:00:17]} Rxa7 {[%clk 00:00:10]} {[%emt 00:00:06]} 31. Rxe4
{[%clk 00:00:19]} {[%emt 00:00:02]} Qf6 {[%clk 00:00:09]} {[%emt 00:00:03]} 32.
Qxf6 {[%clk 00:00:07]} {[%emt 00:00:13]} Bxf6 {[%clk 00:00:10]} {[%emt
00:00:02]} 33. Rde1 {[%clk 00:00:05]} {[%emt 00:00:04]} Kf7 {[%clk 00:00:10]}
{[%emt 00:00:02]} 34. a4 {[%clk 00:00:04]} {[%emt 00:00:03]} Ree7 {[%clk
00:00:09]} {[%emt 00:00:02]} 35. Rb4 {[%clk 00:00:03]} {[%emt 00:00:04]} Nc5
{[%clk 00:00:08]} {[%emt 00:00:03]} 36. Rxe7+ {[%clk 00:00:03]} {[%emt
00:00:01]} Rxe7 {[%clk 00:00:08]} {[%emt 00:00:01]} 37. Rc4 {[%clk 00:00:05]}
Nd3 {[%clk 00:00:08]} {[%emt 00:00:02]} 38. a5 {[%clk 00:00:06]} {[%emt
00:00:01]} Re1+ {[%clk 00:00:08]} {[%emt 00:00:02]} 39. Kh2 {[%clk 00:00:07]}
0-1

[Event "World Youth & Cadets Blitz Championships"]
[Site "Rhodes, Greece"]
[Date "2022.05.03"]
[Round "9.18"]
[White "Patel, Zain"]
[Black "Dotzer, Lukas"]
[Result "1-0"]
[TimeControl "5'/game & 2\"/move"]
[WhiteElo "1746"]
[BlackElo "2026"]

1. d4 {[%clk 00:05:02]} {[%emt 00:00:02]} Nf6 {[%clk 00:05:03]} {[%emt
00:00:01]} 2. Nf3 {[%clk 00:05:03]} {[%emt 00:00:02]} g6 {[%clk 00:05:02]}
{[%emt 00:00:02]} 3. c4 {[%clk 00:05:02]} {[%emt 00:00:03]} Bg7 {[%clk
00:05:03]} {[%emt 00:00:01]} 4. Nc3 {[%clk 00:05:02]} {[%emt 00:00:02]} O-O
{[%clk 00:05:02]} {[%emt 00:00:02]} 5. e4 {[%clk 00:05:03]} {[%emt 00:00:01]}
d6 {[%clk 00:05:03]} {[%emt 00:00:02]} 6. Be2 {[%clk 00:05:04]} e5 {[%clk
00:05:04]} {[%emt 00:00:01]} 7. dxe5 {[%clk 00:05:04]} {[%emt 00:00:01]} dxe5
{[%clk 00:05:05]} {[%emt 00:00:01]} 8. Qxd8 {[%clk 00:05:04]} {[%emt 00:00:02]}
Rxd8 {[%clk 00:05:06]} {[%emt 00:00:02]} 9. Bg5 {[%clk 00:05:04]} {[%emt
00:00:01]} Re8 {[%clk 00:04:56]} {[%emt 00:00:12]} 10. Nd5 {[%clk 00:05:05]}
{[%emt 00:00:02]} Nxd5 {[%clk 00:04:54]} {[%emt 00:00:05]} 11. cxd5 {[%clk
00:05:05]} {[%emt 00:00:01]} c6 {[%clk 00:04:52]} {[%emt 00:00:04]} 12. Bc4
{[%clk 00:05:05]} {[%emt 00:00:01]} b5 {[%clk 00:04:47]} {[%emt 00:00:07]} 13.
Bb3 {[%clk 00:04:58]} {[%emt 00:00:09]} a5 {[%clk 00:04:40]} {[%emt 00:00:09]}
14. a4 {[%clk 00:04:29]} {[%emt 00:00:31]} b4 {[%clk 00:04:34]} {[%emt
00:00:08]} 15. Rc1 {[%clk 00:04:22]} {[%emt 00:00:09]} Bb7 {[%clk 00:04:03]}
{[%emt 00:00:33]} 16. d6 {[%clk 00:03:27]} {[%emt 00:00:57]} Nd7 {[%clk
00:04:00]} {[%emt 00:00:05]} 17. Be7 {[%clk 00:03:22]} {[%emt 00:00:07]} Bf8
{[%clk 00:03:44]} {[%emt 00:00:18]} 18. Ng5 {[%clk 00:03:16]} {[%emt 00:00:08]}
Bxe7 {[%clk 00:03:35]} {[%emt 00:00:11]} 19. Bxf7+ {[%clk 00:02:45]} {[%emt
00:00:33]} Kg7 {[%clk 00:03:31]} {[%emt 00:00:06]} 20. dxe7 {[%clk 00:02:22]}
{[%emt 00:00:25]} Rxe7 {[%clk 00:03:30]} {[%emt 00:00:03]} 21. Bb3 {[%clk
00:02:21]} {[%emt 00:00:03]} Kf6 {[%emt 00:00:14]} 22. h4 {[%clk 00:02:16]} h6
{[%clk 00:02:58]} {[%emt 00:00:28]} 23. Nf3 {[%clk 00:02:03]} {[%emt 00:00:15]}
c5 {[%clk 00:02:53]} {[%emt 00:00:08]} 24. Nd2 {[%clk 00:01:38]} {[%emt
00:00:26]} Ba6 {[%clk 00:02:19]} {[%emt 00:00:35]} 25. Rh3 {[%clk 00:01:25]}
{[%emt 00:00:15]} Rc8 {[%clk 00:01:52]} {[%emt 00:00:31]} 26. Bc4 {[%clk
00:01:15]} {[%emt 00:00:11]} Bb7 {[%clk 00:01:45]} {[%emt 00:00:09]} 27. Rd3
{[%clk 00:01:03]} {[%emt 00:00:13]} Kg7 {[%clk 00:01:29]} {[%emt 00:00:18]} 28.
Be6 {[%clk 00:00:53]} {[%emt 00:00:13]} Bc6 {[%clk 00:01:01]} {[%emt 00:00:30]}
29. Bxd7 {[%clk 00:00:39]} {[%emt 00:00:15]} Rxd7 {[%clk 00:00:32]} {[%emt
00:00:32]} 30. Rxd7+ {[%clk 00:00:39]} {[%emt 00:00:03]} Bxd7 {[%clk 00:00:33]}
31. Nc4 {[%clk 00:00:40]} {[%emt 00:00:01]} Kf6 {[%emt 00:00:11]} 32. Nb6
{[%clk 00:00:32]} {[%emt 00:00:07]} Rc7 {[%clk 00:00:04]} {[%emt 00:00:25]} 33.
Nd5+ {[%emt 00:00:10]} 1-0

[Event "World Youth & Cadets Blitz Championships"]
[Site "Rhodes, Greece"]
[Date "2022.05.03"]
[Round "9.19"]
[White "Mompel Ferruz, Xavier"]
[Black "Zhauynbay, Aldiyar"]
[Result "0-1"]
[TimeControl "5'/game & 2\"/move"]
[WhiteElo "1560"]
[BlackElo "1434"]

1. e4 {[%clk 00:05:03]} {[%emt 00:00:01]} c5 {[%clk 00:05:03]} {[%emt
00:00:01]} 2. Nf3 {[%clk 00:05:03]} {[%emt 00:00:02]} e6 {[%clk 00:05:04]}
{[%emt 00:00:01]} 3. d4 {[%clk 00:05:04]} {[%emt 00:00:01]} cxd4 {[%clk
00:05:06]} 4. Nxd4 {[%clk 00:05:05]} {[%emt 00:00:02]} a6 {[%clk 00:05:06]}
{[%emt 00:00:01]} 5. Nc3 {[%clk 00:05:05]} {[%emt 00:00:02]} Qc7 {[%clk
00:05:07]} {[%emt 00:00:01]} 6. g3 {[%clk 00:05:06]} {[%emt 00:00:01]} Nf6
{[%clk 00:05:00]} {[%emt 00:00:09]} 7. Bg2 {[%clk 00:05:06]} {[%emt 00:00:02]}
d6 {[%clk 00:04:54]} {[%emt 00:00:08]} 8. O-O {[%clk 00:05:06]} {[%emt
00:00:02]} Be7 {[%clk 00:04:54]} {[%emt 00:00:02]} 9. Re1 {[%clk 00:04:50]}
{[%emt 00:00:17]} O-O {[%clk 00:04:51]} {[%emt 00:00:05]} 10. Be3 {[%clk
00:04:45]} {[%emt 00:00:08]} Nbd7 {[%clk 00:04:51]} {[%emt 00:00:02]} 11. a4
{[%clk 00:04:35]} {[%emt 00:00:12]} Rb8 {[%clk 00:04:50]} {[%emt 00:00:03]} 12.
a5 {[%clk 00:04:35]} {[%emt 00:00:02]} Ne5 {[%clk 00:04:45]} {[%emt 00:00:07]}
13. h3 {[%clk 00:04:25]} {[%emt 00:00:12]} Nc4 {[%clk 00:04:45]} {[%emt
00:00:02]} 14. Bc1 {[%clk 00:04:24]} {[%emt 00:00:03]} Nxa5 {[%clk 00:04:42]}
{[%emt 00:00:06]} 15. Qe2 {[%clk 00:03:54]} {[%emt 00:00:31]} Nc4 {[%clk
00:04:34]} {[%emt 00:00:10]} 16. b3 {[%clk 00:03:54]} {[%emt 00:00:02]} Ne5
{[%clk 00:04:32]} {[%emt 00:00:04]} 17. Bb2 {[%clk 00:03:52]} {[%emt 00:00:03]}
b5 {[%clk 00:04:28]} {[%emt 00:00:07]} 18. f4 {[%clk 00:03:48]} {[%emt
00:00:06]} Ned7 {[%clk 00:04:27]} {[%emt 00:00:03]} 19. g4 {[%clk 00:03:44]}
{[%emt 00:00:06]} Qb6 {[%clk 00:04:20]} {[%emt 00:00:09]} 20. Qf2 {[%clk
00:03:35]} {[%emt 00:00:11]} e5 {[%clk 00:03:54]} {[%emt 00:00:28]} 21. Nf5
{[%clk 00:03:30]} {[%emt 00:00:06]} Qxf2+ {[%clk 00:03:54]} {[%emt 00:00:03]}
22. Kxf2 {[%clk 00:03:31]} {[%emt 00:00:01]} Re8 {[%clk 00:03:51]} {[%emt
00:00:05]} 23. g5 {[%clk 00:03:24]} {[%emt 00:00:10]} Nh5 {[%clk 00:03:36]}
{[%emt 00:00:17]} 24. Nd5 {[%clk 00:03:23]} {[%emt 00:00:02]} Bf8 {[%clk
00:03:28]} {[%emt 00:00:10]} 25. Nc7 {[%clk 00:02:46]} {[%emt 00:00:39]} Rd8
{[%clk 00:03:24]} {[%emt 00:00:06]} 26. fxe5 {[%clk 00:02:37]} {[%emt
00:00:11]} Nxe5 {[%clk 00:03:13]} {[%emt 00:00:12]} 27. Nxa6 {[%clk 00:02:21]}
{[%emt 00:00:19]} Bxa6 {[%clk 00:02:33]} {[%emt 00:00:42]} 28. Rxa6 {[%clk
00:02:21]} {[%emt 00:00:03]} g6 {[%clk 00:02:28]} {[%emt 00:00:06]} 29. Ne3
{[%clk 00:01:33]} {[%emt 00:00:49]} Nf4 {[%clk 00:02:24]} {[%emt 00:00:06]} 30.
Nd5 {[%clk 00:01:22]} {[%emt 00:00:14]} Nxd5 {[%clk 00:02:14]} {[%emt
00:00:13]} 31. exd5 {[%clk 00:01:20]} {[%emt 00:00:03]} Bg7 {[%clk 00:02:13]}
{[%emt 00:00:03]} 32. Kg3 {[%clk 00:00:58]} {[%emt 00:00:24]} Ra8 {[%clk
00:02:04]} {[%emt 00:00:11]} 33. Rea1 {[%clk 00:00:53]} {[%emt 00:00:07]} Rac8
{[%clk 00:01:56]} {[%emt 00:00:10]} 34. Rc1 {[%clk 00:00:40]} {[%emt 00:00:15]}
Nd3 {[%clk 00:01:36]} {[%emt 00:00:22]} 35. cxd3 {[%clk 00:00:36]} {[%emt
00:00:06]} Bxb2 {[%clk 00:01:37]} {[%emt 00:00:01]} 36. Rcc6 {[%clk 00:00:25]}
{[%emt 00:00:13]} Ra8 {[%clk 00:01:11]} {[%emt 00:00:28]} 37. Be4 {[%clk
00:00:23]} {[%emt 00:00:04]} Rxa6 {[%clk 00:01:04]} {[%emt 00:00:10]} 38. Rxa6
{[%clk 00:00:23]} {[%emt 00:00:02]} Rc8 {[%clk 00:01:01]} {[%emt 00:00:04]} 39.
Rc6 {[%clk 00:00:20]} {[%emt 00:00:04]} Ra8 {[%clk 00:00:38]} {[%emt 00:00:25]}
40. Kf3 {[%clk 00:00:21]} {[%emt 00:00:02]} Be5 {[%clk 00:00:36]} {[%emt
00:00:04]} 41. Rb6 {[%clk 00:00:17]} {[%emt 00:00:07]} Ra1 {[%clk 00:00:16]}
{[%emt 00:00:22]} 42. Rxb5 {[%clk 00:00:14]} {[%emt 00:00:04]} Rh1 {[%clk
00:00:13]} {[%emt 00:00:05]} 43. Kg4 {[%clk 00:00:08]} {[%emt 00:00:09]} Rg1+
{[%clk 00:00:13]} {[%emt 00:00:02]} 44. Kf3 {[%clk 00:00:07]} {[%emt 00:00:03]}
Rg3+ {[%clk 00:00:13]} 45. Ke2 {[%clk 00:00:07]} {[%emt 00:00:02]} Rxh3 {[%clk
00:00:13]} {[%emt 00:00:02]} 46. b4 {[%clk 00:00:06]} {[%emt 00:00:03]} Rh2+
{[%clk 00:00:14]} 47. Ke3 {[%clk 00:00:07]} {[%emt 00:00:02]} Rb2 {[%clk
00:00:12]} {[%emt 00:00:03]} 48. Rb8+ {[%clk 00:00:07]} {[%emt 00:00:02]} Kg7
{[%clk 00:00:13]} 49. b5 {[%clk 00:00:08]} {[%emt 00:00:01]} f5 {[%clk
00:00:08]} {[%emt 00:00:06]} 50. gxf6+ {[%clk 00:00:08]} {[%emt 00:00:03]} Kxf6
{[%clk 00:00:09]} {[%emt 00:00:01]} 51. b6 {[%clk 00:00:09]} {[%emt 00:00:02]}
Kg7 {[%clk 00:00:09]} {[%emt 00:00:02]} 52. b7 {[%clk 00:00:09]} {[%emt
00:00:01]} h5 {[%clk 00:00:08]} {[%emt 00:00:03]} 53. Kf3 {[%clk 00:00:09]}
{[%emt 00:00:02]} g5 {[%clk 00:00:08]} {[%emt 00:00:02]} 54. Bf5 {[%clk
00:00:08]} {[%emt 00:00:03]} g4+ {[%clk 00:00:08]} {[%emt 00:00:02]} 55. Ke3
{[%clk 00:00:05]} {[%emt 00:00:05]} g3 {[%clk 00:00:09]} {[%emt 00:00:01]} 56.
Bc8 {[%clk 00:00:05]} {[%emt 00:00:02]} g2 {[%clk 00:00:10]} 57. Ra8 {[%clk
00:00:04]} {[%emt 00:00:04]} g1=Q+ {[%clk 00:00:11]} 0-1

[Event "World Youth & Cadets Blitz Championships"]
[Site "Rhodes, Greece"]
[Date "2022.05.03"]
[Round "9.20"]
[White "Bogdanov, Artyom"]
[Black "Shevchenko, Yaroslav"]
[Result "1/2-1/2"]
[TimeControl "5'/game & 2\"/move"]
[WhiteElo "1413"]
[BlackElo "1600"]

1. e4 {[%clk 00:05:02]} {[%emt 00:00:03]} c5 {[%clk 00:05:03]} 2. Nf3 {[%clk
00:05:03]} {[%emt 00:00:01]} e6 {[%clk 00:05:04]} {[%emt 00:00:01]} 3. d4
{[%clk 00:05:04]} cxd4 {[%clk 00:05:05]} {[%emt 00:00:02]} 4. Nxd4 {[%clk
00:05:05]} {[%emt 00:00:01]} Nc6 {[%clk 00:05:05]} {[%emt 00:00:01]} 5. Nc3
{[%clk 00:05:05]} {[%emt 00:00:01]} Qc7 {[%clk 00:05:06]} {[%emt 00:00:02]} 6.
g3 {[%clk 00:05:05]} {[%emt 00:00:02]} a6 {[%clk 00:05:06]} {[%emt 00:00:02]} 7.
Bg2 {[%clk 00:05:05]} {[%emt 00:00:02]} Nf6 {[%clk 00:05:04]} {[%emt 00:00:04]}
8. O-O {[%clk 00:05:05]} {[%emt 00:00:02]} Nxd4 {[%clk 00:05:04]} {[%emt
00:00:02]} 9. Qxd4 {[%clk 00:05:05]} {[%emt 00:00:01]} Bc5 {[%clk 00:05:05]}
{[%emt 00:00:02]} 10. Qd3 {[%clk 00:05:06]} h6 {[%clk 00:04:54]} {[%emt
00:00:13]} 11. Bf4 {[%clk 00:05:01]} {[%emt 00:00:06]} d6 {[%clk 00:04:53]}
{[%emt 00:00:03]} 12. Na4 {[%clk 00:04:43]} {[%emt 00:00:21]} e5 {[%clk
00:04:13]} {[%emt 00:00:42]} 13. Nxc5 {[%clk 00:04:36]} {[%emt 00:00:08]} dxc5
{[%clk 00:04:14]} {[%emt 00:00:02]} 14. Be3 {[%clk 00:04:30]} {[%emt 00:00:09]}
Be6 {[%clk 00:04:10]} {[%emt 00:00:05]} 15. h3 {[%clk 00:04:27]} {[%emt
00:00:05]} Rd8 {[%clk 00:04:08]} {[%emt 00:00:04]} 16. Qc3 {[%clk 00:04:14]}
{[%emt 00:00:15]} b6 {[%clk 00:04:01]} {[%emt 00:00:09]} 17. Rfd1 {[%clk
00:04:11]} {[%emt 00:00:04]} O-O {[%clk 00:03:59]} {[%emt 00:00:03]} 18. Qe1
{[%clk 00:03:54]} {[%emt 00:00:20]} Bc8 {[%clk 00:03:25]} {[%emt 00:00:36]} 19.
Bd2 {[%clk 00:03:32]} {[%emt 00:00:24]} b5 {[%clk 00:02:57]} {[%emt 00:00:31]}
20. Ba5 {[%clk 00:03:11]} {[%emt 00:00:23]} Rxd1 {[%clk 00:02:52]} {[%emt
00:00:07]} 21. Bxc7 {[%clk 00:02:34]} {[%emt 00:00:39]} Rxe1+ {[%clk 00:02:52]}
{[%emt 00:00:02]} 22. Rxe1 {[%clk 00:02:33]} {[%emt 00:00:02]} Re8 {[%clk
00:02:48]} {[%emt 00:00:06]} 23. Rd1 {[%clk 00:02:14]} {[%emt 00:00:21]} Bb7
{[%clk 00:02:45]} {[%emt 00:00:05]} 24. f3 {[%clk 00:02:15]} {[%emt 00:00:02]}
Kh7 {[%clk 00:02:16]} {[%emt 00:00:31]} 25. Kf2 {[%clk 00:02:02]} {[%emt
00:00:15]} c4 {[%clk 00:01:53]} {[%emt 00:00:26]} 26. Ba5 {[%clk 00:02:00]}
{[%emt 00:00:03]} Re7 {[%clk 00:01:34]} {[%emt 00:00:21]} 27. h4 {[%clk
00:01:54]} {[%emt 00:00:09]} Rd7 {[%clk 00:01:27]} {[%emt 00:00:08]} 28. Rxd7
{[%clk 00:01:52]} {[%emt 00:00:03]} Nxd7 {[%clk 00:01:28]} {[%emt 00:00:02]} 29.
Bh3 {[%clk 00:01:46]} {[%emt 00:00:08]} Nb8 {[%clk 00:00:34]} {[%emt 00:00:56]}
30. Bc7 {[%clk 00:01:13]} {[%emt 00:00:35]} Nc6 {[%clk 00:00:35]} {[%emt
00:00:01]} 31. c3 {[%clk 00:01:08]} {[%emt 00:00:07]} f6 {[%clk 00:00:29]}
{[%emt 00:00:08]} 32. Bf5+ {[%clk 00:01:05]} {[%emt 00:00:05]} Kg8 {[%clk
00:00:27]} {[%emt 00:00:04]} 33. Bd7 {[%clk 00:01:05]} {[%emt 00:00:01]} Ne7
{[%clk 00:00:15]} {[%emt 00:00:14]} 34. Bd6 {[%clk 00:00:47]} {[%emt 00:00:20]}
Kf7 {[%clk 00:00:16]} {[%emt 00:00:01]} 35. h5 {[%clk 00:00:38]} {[%emt
00:00:12]} Ng8 {[%clk 00:00:10]} {[%emt 00:00:08]} 36. Ke3 {[%clk 00:00:31]}
{[%emt 00:00:09]} Ne7 {[%emt 00:00:06]} 37. a3 Ng8 {[%clk 00:00:07]} {[%emt
00:00:06]} 38. Kf2 {[%clk 00:00:28]} {[%emt 00:00:02]} Ne7 {[%clk 00:00:08]}
{[%emt 00:00:02]} 39. Ke3 {[%clk 00:00:29]} Ng8 {[%clk 00:00:09]} {[%emt
00:00:02]} 40. Kf2 {[%clk 00:00:30]} Ne7 {[%clk 00:00:07]} {[%emt 00:00:04]} 41.
Ke3 {[%clk 00:00:27]} 1/2-1/2

[Event "World Youth & Cadets Blitz Championships"]
[Site "Rhodes, Greece"]
[Date "2022.05.03"]
[Round "9.21"]
[White "Hanache, Kai"]
[Black "Negrean, Andrei"]
[Result "1/2-1/2"]
[TimeControl "5'/game & 2\"/move"]
[WhiteElo "1644"]
[BlackElo "1862"]

1. c4 {[%clk 00:05:02]} {[%emt 00:00:02]} Nf6 {[%clk 00:05:02]} {[%emt
00:00:02]} 2. Nc3 {[%clk 00:05:03]} c5 {[%clk 00:05:02]} {[%emt 00:00:03]} 3.
g3 {[%clk 00:05:04]} e6 {[%clk 00:05:03]} {[%emt 00:00:02]} 4. Bg2 {[%clk
00:05:04]} d5 {[%clk 00:05:04]} {[%emt 00:00:01]} 5. cxd5 {[%clk 00:05:02]}
{[%emt 00:00:05]} exd5 {[%clk 00:05:05]} 6. d4 {[%clk 00:04:51]} {[%emt
00:00:13]} cxd4 {[%clk 00:05:05]} {[%emt 00:00:02]} 7. Qxd4 {[%clk 00:04:51]}
{[%emt 00:00:02]} Nc6 {[%clk 00:05:05]} {[%emt 00:00:02]} 8. Qd1 {[%clk
00:04:52]} {[%emt 00:00:02]} d4 {[%clk 00:04:56]} {[%emt 00:00:10]} 9. Ne4
{[%clk 00:04:31]} {[%emt 00:00:23]} Nxe4 {[%clk 00:04:45]} {[%emt 00:00:13]} 10.
Bxe4 {[%clk 00:04:31]} {[%emt 00:00:02]} Be7 {[%clk 00:04:39]} {[%emt
00:00:08]} 11. Nf3 {[%clk 00:04:31]} {[%emt 00:00:02]} Bf6 {[%clk 00:04:09]}
{[%emt 00:00:33]} 12. Bf4 {[%clk 00:04:19]} {[%emt 00:00:14]} O-O {[%clk
00:03:56]} {[%emt 00:00:15]} 13. Qd2 {[%clk 00:04:01]} {[%emt 00:00:20]} Re8
{[%clk 00:03:48]} {[%emt 00:00:10]} 14. Bd3 {[%clk 00:04:00]} {[%emt 00:00:03]}
Qd5 {[%clk 00:03:18]} {[%emt 00:00:31]} 1/2-1/2

[Event "World Youth & Cadets Blitz Championships"]
[Site "Rhodes, Greece"]
[Date "2022.05.03"]
[Round "9.22"]
[White "Shilon Rahav, Eliran"]
[Black "Verbytski, Oleg"]
[Result "0-1"]
[TimeControl "5'/game & 2\"/move"]
[WhiteElo "1338"]
[BlackElo "1756"]

1. e4 {[%clk 00:05:03]} c5 {[%clk 00:05:03]} 2. c3 {[%clk 00:05:04]} {[%emt
00:00:02]} Nf6 {[%clk 00:05:04]} {[%emt 00:00:01]} 3. e5 {[%clk 00:05:04]}
{[%emt 00:00:01]} Nd5 {[%clk 00:05:05]} {[%emt 00:00:02]} 4. d4 {[%clk
00:05:05]} cxd4 {[%clk 00:05:05]} {[%emt 00:00:01]} 5. cxd4 {[%clk 00:05:06]}
{[%emt 00:00:02]} d6 {[%clk 00:05:06]} 6. Nf3 {[%clk 00:05:05]} {[%emt
00:00:02]} Nc6 {[%clk 00:05:07]} {[%emt 00:00:02]} 7. Bc4 {[%clk 00:05:06]} Nb6
{[%clk 00:05:08]} {[%emt 00:00:01]} 8. Bb5 {[%clk 00:05:07]} {[%emt 00:00:01]}
a6 {[%clk 00:05:03]} {[%emt 00:00:07]} 9. Bxc6+ {[%clk 00:05:02]} {[%emt
00:00:07]} bxc6 {[%clk 00:05:03]} {[%emt 00:00:02]} 10. O-O {[%clk 00:05:00]}
{[%emt 00:00:03]} e6 {[%clk 00:05:01]} {[%emt 00:00:05]} 11. Nc3 {[%clk
00:04:29]} {[%emt 00:00:33]} Be7 {[%clk 00:05:02]} {[%emt 00:00:01]} 12. Re1
{[%clk 00:04:28]} {[%emt 00:00:03]} O-O {[%clk 00:05:02]} {[%emt 00:00:02]} 13.
Ne4 {[%clk 00:04:21]} {[%emt 00:00:08]} d5 {[%clk 00:04:59]} {[%emt 00:00:05]}
14. Nc5 {[%clk 00:04:17]} {[%emt 00:00:06]} Bxc5 {[%clk 00:05:00]} {[%emt
00:00:02]} 15. dxc5 {[%clk 00:04:18]} {[%emt 00:00:01]} Nd7 {[%clk 00:05:00]}
{[%emt 00:00:02]} 16. Qd4 {[%clk 00:04:15]} {[%emt 00:00:05]} Rb8 {[%clk
00:04:59]} {[%emt 00:00:02]} 17. Bd2 {[%clk 00:04:11]} {[%emt 00:00:06]} Qc7
{[%clk 00:04:55]} {[%emt 00:00:07]} 18. b4 {[%clk 00:03:55]} {[%emt 00:00:18]}
a5 {[%clk 00:04:34]} {[%emt 00:00:23]} 19. bxa5 {[%clk 00:03:44]} {[%emt
00:00:13]} Ba6 {[%clk 00:04:35]} 20. a4 {[%clk 00:03:20]} {[%emt 00:00:26]} Rb7
{[%clk 00:04:32]} {[%emt 00:00:04]} 21. Rab1 {[%clk 00:03:05]} {[%emt
00:00:16]} Rfb8 {[%clk 00:04:33]} {[%emt 00:00:02]} 22. Rxb7 {[%clk 00:02:37]}
{[%emt 00:00:30]} Qxb7 {[%clk 00:04:29]} {[%emt 00:00:06]} 23. h3 {[%clk
00:02:35]} {[%emt 00:00:04]} h6 {[%clk 00:04:29]} {[%emt 00:00:02]} 24. Qg4
{[%clk 00:02:29]} {[%emt 00:00:07]} Kh7 {[%clk 00:04:23]} {[%emt 00:00:08]} 25.
Be3 {[%clk 00:02:01]} {[%emt 00:00:30]} Qb3 {[%clk 00:04:04]} {[%emt 00:00:21]}
26. Qh5 {[%clk 00:01:53]} {[%emt 00:00:10]} Kg8 {[%clk 00:03:38]} {[%emt
00:00:28]} 27. Qg4 {[%clk 00:01:13]} {[%emt 00:00:41]} Kh7 {[%clk 00:03:19]}
{[%emt 00:00:22]} 28. Nd2 {[%clk 00:00:36]} {[%emt 00:00:38]} Qc3 {[%clk
00:03:11]} {[%emt 00:00:11]} 29. Rd1 {[%clk 00:00:27]} {[%emt 00:00:12]} Nxc5
{[%clk 00:02:59]} {[%emt 00:00:13]} 30. Bd4 {[%clk 00:00:14]} {[%emt 00:00:15]}
Qc2 {[%clk 00:02:38]} {[%emt 00:00:23]} 31. Bxc5 {[%clk 00:00:10]} {[%emt
00:00:06]} Qxc5 {[%clk 00:02:37]} {[%emt 00:00:03]} 32. Nf3 {[%clk 00:00:07]}
{[%emt 00:00:04]} Rb2 {[%clk 00:02:28]} {[%emt 00:00:12]} 33. Qg3 {[%clk
00:00:06]} {[%emt 00:00:02]} Qc2 {[%clk 00:02:21]} {[%emt 00:00:09]} 34. Rd4
{[%clk 00:00:05]} {[%emt 00:00:02]} Qc1+ {[%clk 00:01:38]} {[%emt 00:00:46]} 35.
Kh2 {[%clk 00:00:06]} Rb1 {[%clk 00:01:39]} 36. Ne1 {[%clk 00:00:03]} {[%emt
00:00:05]} Qxe1 {[%clk 00:01:37]} {[%emt 00:00:03]} 37. Qf3 {[%clk 00:00:03]}
{[%emt 00:00:03]} Qh1+ {[%clk 00:01:15]} {[%emt 00:00:23]} 38. Kg3 {[%clk
00:00:05]} Qe1 {[%clk 00:01:14]} {[%emt 00:00:03]} 39. Qxf7 {[%clk 00:00:03]}
{[%emt 00:00:04]} Qxe5+ {[%clk 00:01:14]} {[%emt 00:00:02]} 40. Rf4 {[%clk
00:00:04]} Rb3+ {[%clk 00:01:11]} {[%emt 00:00:05]} 41. Kh2 {[%clk 00:00:05]}
Rb4 {[%clk 00:01:05]} {[%emt 00:00:08]} 42. g3 {[%clk 00:00:06]} {[%emt
00:00:01]} Rxf4 {[%clk 00:01:03]} {[%emt 00:00:04]} 43. gxf4 {[%clk 00:00:07]}
Qe4 {[%clk 00:01:04]} {[%emt 00:00:01]} 44. Kg3 {[%clk 00:00:07]} {[%emt
00:00:02]} Be2 {[%clk 00:01:02]} {[%emt 00:00:04]} 45. f5 {[%clk 00:00:08]}
Qf3+ {[%clk 00:01:02]} {[%emt 00:00:02]} 46. Kh4 {[%clk 00:00:08]} Qf4# {[%emt
00:00:16]} 0-1